Jedenástka roka 2006

Bibliographic Details
Other Authors: Michnica, Jozef (Photographer)
Format: Article
Language:Slovak
PhysicalDescription:Fotogr.
Subjects:

MARC

LEADER 00000nab a2200000 ar4500
001 vtls008953807
003 SK-MaSNL
005 20260303070302.0
008 190925c2007 xo wr|p|||||||000 b|slo
038 |a PPPK 
040 |a PPPKCL  |b slo  |c PPPK  |e AACR2 
041 0 |a slo 
044 |a xo  |c SK 
080 |a 796.332.071  |2 1997 
080 |a 06.068  |2 1997 
245 0 0 |a Jedenástka roka 2006  |c [autor] (maj) ; foto Jozef Michnica 
300 |b Fotogr. 
610 2 7 |a Podtatranský futbalový zväz (Poprad, Slovensko)  |2 pppkcl 
611 2 7 |a Najvyššia súťaž I. triedy Pilsberg  |d (2006 :  |c Poprad, Slovensko)  |2 pppkcl  |9 1067517 
648 7 |a 2006  |2 pppkcl  |9 313148 
650 0 7 |a futbal  |2 pppkcl  |9 3291 
650 0 7 |a najúspešnejší reprezentanti  |2 pppkcl  |9 1067518 
650 0 7 |a vyhodnotenie  |2 pppkcl  |9 879619 
650 0 7 |a Jedenástka roka 2006 (anketa)  |2 pppkcl  |9 1067519 
651 7 |a Poprad (Slovensko)  |2 pppkcl  |9 20155 
700 1 |a Michnica, Jozef  |4 pht  |9 6897 
773 0 |t Poprad : noviny občanov mesta  |g Roč. XVII, č. 92 (2006), s. 4 
852 |a PPPK  |b KIS3GCP 
999 |c 1754699  |d 1756629